<?xml version="1.0" encoding="UTF-8"?>
<record
    xmlns:xsi="http://www.w3.org/2001/XMLSchema-instance"
    xsi:schemaLocation="http://www.loc.gov/MARC21/slim http://www.loc.gov/standards/marcxml/schema/MARC21slim.xsd"
    xmlns="http://www.loc.gov/MARC21/slim">

  <leader>03946nam a22002777a 4500</leader>
  <controlfield tag="008">250521b        |||||||| |||| 00| 0 eng d</controlfield>
  <datafield tag="020" ind1=" " ind2=" ">
    <subfield code="a">9791035831752</subfield>
  </datafield>
  <datafield tag="040" ind1=" " ind2=" ">
    <subfield code="c">tbs</subfield>
  </datafield>
  <datafield tag="041" ind1=" " ind2=" ">
    <subfield code="a">spa</subfield>
    <subfield code="a">fre</subfield>
  </datafield>
  <datafield tag="050" ind1=" " ind2=" ">
    <subfield code="a">PQ8098.29.K3</subfield>
    <subfield code="b">N6 1996</subfield>
  </datafield>
  <datafield tag="100" ind1=" " ind2=" ">
    <subfield code="a">Sk&#xE1;rmeta, Antonio</subfield>
    <subfield code="9">25282</subfield>
    <subfield code="e">author</subfield>
  </datafield>
  <datafield tag="245" ind1=" " ind2=" ">
    <subfield code="a">No pas&#xF3; nada</subfield>
    <subfield code="c">/ Antonio Sk&#xE1;rmeta.</subfield>
  </datafield>
  <datafield tag="260" ind1=" " ind2=" ">
    <subfield code="a">Paris : </subfield>
    <subfield code="b">Belin &#xC9;ducation, </subfield>
    <subfield code="c">2024.</subfield>
  </datafield>
  <datafield tag="300" ind1=" " ind2=" ">
    <subfield code="a">140 pages ;</subfield>
    <subfield code="c">19 cm.</subfield>
  </datafield>
  <datafield tag="490" ind1=" " ind2=" ">
    <subfield code="a">No tan cl&#xE1;sicos</subfield>
  </datafield>
  <datafield tag="505" ind1=" " ind2=" ">
    <subfield code="a">Marginal vocabulary notes (in French and Spanish) &#x2014; B1-B2 Level &#x2014; A comprehensive file to understand the work, its characters, major themes, and its context &#x2014; Quizzes to memorize the essentials in a playful manner &#x2014; Activities to improve in English, thanks to the text of an exceptional author &#x2014; Contains exercises in the form of quizzes. The work is accompanied by a downloadable pedagogical guide at belin-education.com.
</subfield>
  </datafield>
  <datafield tag="505" ind1=" " ind2=" ">
    <subfield code="a">Notes de vocabulaire en marge (en fran&#xE7;ais et en espagnol) &#x2014; Niveau B1-B2 &#x2014; Un dossier complet pour comprendre l&#x2019;&#x153;uvre, ses personnages, ses th&#xE8;mes majeurs et son contexte &#x2014; Des quiz pour m&#xE9;moriser l&#x2019;essentiel de mani&#xE8;re ludique &#x2014; Des activit&#xE9;s pour progresser en anglais gr&#xE2;ce au texte d&#x2019;un auteur exceptionnel &#x2014; Contient des exercices sous forme de quiz. L&#x2019;&#x153;uvre est accompagn&#xE9;e d&#x2019;un guide p&#xE9;dagogique t&#xE9;l&#xE9;chargeable sur belin-education.com.</subfield>
  </datafield>
  <datafield tag="505" ind1=" " ind2=" ">
    <subfield code="a">Notas de vocabulario en los m&#xE1;rgenes (en franc&#xE9;s y en espa&#xF1;ol) &#x2014; Nivel B1-B2 &#x2014; Un dossier completo para entender la obra, sus personajes, sus grandes temas y su contexto &#x2014; Cuestionarios para recordar lo esencial de forma amena &#x2014; Actividades para mejorar tu ingl&#xE9;s a trav&#xE9;s del texto de un autor excepcional &#x2014; Incluye ejercicios en formato de cuestionario. La obra viene acompa&#xF1;ada de una gu&#xED;a pedag&#xF3;gica descargable en belin-education.com.</subfield>
  </datafield>
  <datafield tag="520" ind1=" " ind2=" ">
    <subfield code="a">A funny and poetic coming-of-age novel about exile. No pas&#xF3; nada.
In 1973, following the coup d&#x2019;&#xE9;tat in Chile, Lucho and his family are forced to leave their homeland and go into exile in Berlin. At the age of 14, he finds himself suddenly thrown into a grey, cold city where xenophobia and solidarity coexist. The young teenager experiences the pain of uprooting and the challenges of integration. However, football and music&#x2014;two of his passions&#x2014;lead him to some meaningful encounters.
Fall under the charm of this character in search of identity, through a universal story filled with hope.</subfield>
  </datafield>
  <datafield tag="520" ind1=" " ind2=" ">
    <subfield code="a">Un roman d'apprentissage dr&#xF4;le et po&#xE9;tique sur l'exil . No pas&#xF3; nada . En 1973, &#xE0; la suite du coup d'Etat au Chili, Lucho et sa famille sont contraints de quitter leur pays natal et de s'exiler &#xE0; Berlin. Propuls&#xE9; &#xE0; l'&#xE2;ge de 14 ans dans une ville grise et froide o&#xF9; cohabitent la x&#xE9;nophobie et la solidarit&#xE9;, le jeune adolescent exp&#xE9;rimente alors la souffrance du d&#xE9;racinement et les difficult&#xE9;s d'int&#xE9;gration. Le football et la musique, deux de ses passions, lui feront toutefois faire de belles rencontres. Succombez au charme de ce personnage en qu&#xEA;te d'identit&#xE9; &#xE0; travers un r&#xE9;cit universel porteur d'espoir.</subfield>
  </datafield>
  <datafield tag="520" ind1=" " ind2=" ">
    <subfield code="a">Una novela de aprendizaje divertida y po&#xE9;tica sobre el exilio. No pas&#xF3; nada.
En 1973, tras el golpe de Estado en Chile, Lucho y su familia se ven obligados a abandonar su pa&#xED;s natal y exiliarse en Berl&#xED;n. A los 14 a&#xF1;os, es lanzado a una ciudad gris y fr&#xED;a donde conviven la xenofobia y la solidaridad. El joven adolescente experimenta entonces el dolor del desarraigo y las dificultades de integraci&#xF3;n. Sin embargo, el f&#xFA;tbol y la m&#xFA;sica&#x2014;dos de sus pasiones&#x2014;le permitir&#xE1;n vivir encuentros muy especiales.
D&#xE9;jate conquistar por este personaje en busca de identidad, en un relato universal cargado de esperanza.</subfield>
  </datafield>
  <datafield tag="650" ind1=" " ind2="0">
    <subfield code="a">Exiles</subfield>
    <subfield code="v">Fiction</subfield>
    <subfield code="9">25283</subfield>
  </datafield>
  <datafield tag="650" ind1=" " ind2="0">
    <subfield code="a">Political refugees</subfield>
    <subfield code="z">Germany</subfield>
    <subfield code="v">Fiction</subfield>
    <subfield code="9">25284</subfield>
  </datafield>
  <datafield tag="650" ind1=" " ind2="0">
    <subfield code="a">Political refugees</subfield>
    <subfield code="z">Chile </subfield>
    <subfield code="v">Fiction</subfield>
    <subfield code="9">25285</subfield>
  </datafield>
  <datafield tag="942" ind1=" " ind2=" ">
    <subfield code="2">lcc</subfield>
  </datafield>
  <datafield tag="952" ind1=" " ind2=" ">
    <subfield code="0">0</subfield>
    <subfield code="1">0</subfield>
    <subfield code="2">lcc</subfield>
    <subfield code="4">0</subfield>
    <subfield code="7">0</subfield>
    <subfield code="a">TBS</subfield>
    <subfield code="b">TBS</subfield>
    <subfield code="d">2025-05-21</subfield>
    <subfield code="l">0</subfield>
    <subfield code="o">READER-SP SKA</subfield>
    <subfield code="p">B05721</subfield>
    <subfield code="r">2025-05-21</subfield>
    <subfield code="t">1</subfield>
    <subfield code="w">2025-05-21</subfield>
    <subfield code="y">SPANISH</subfield>
  </datafield>
  <datafield tag="999" ind1=" " ind2=" ">
    <subfield code="c">4689</subfield>
    <subfield code="d">4689</subfield>
  </datafield>
</record>
